| 000 | 00819cam a2200217 a 4500 | ||
|---|---|---|---|
| 001 | 000014693 | ||
| 005 | 20200929163904.0 | ||
| 008 | 890308s1986 cu 000 0 spa d | ||
| 040 |
_aDO-SdBNP _bspa _cLC _dBNPHU |
||
| 082 |
_a306.97291 _bP418 |
||
| 245 | 0 | 0 |
_aPensamiento y política cultural cubanos : _bantología / _ccompilación Nuria Nuiry Sánchez, Graciela Fernández Mayo ; edición de Matilde del Rosario Sánchez. |
| 260 |
_aLa Habana : _bPueblo y Educación, _c1986. |
||
| 300 |
_av. ; _c24 cm. |
||
| 650 | 4 |
_aPolítica cultural _zCuba _933306 |
|
| 651 | 4 |
_aCuba _xCivilización _9494 |
|
| 700 | 1 |
_aNuiry Sánchez, Nuria, _ecomp. _933307 |
|
| 700 | 1 |
_aFernández Mayo, Graciela, _ecomp. _933308 |
|
| 700 | 1 |
_aRosario Sánchez, Matilde del, _eed. _933309 |
|
| 910 | _aCatalogación derivada / LC | ||
| 049 | _aBNGR | ||
| 999 |
_c14276 _d14276 |
||